Data Structures and Algorithms /

Gespeichert in:
Bibliographische Detailangaben
1. Verfasser: Schindler, Frank, 1954- (Verfasst von)
Format: Buch
Sprache:Englisch
Veröffentlicht: Praha : Wolters Kluwer, 2014
Ausgabe:1. vyd.
Tags: Tag hinzufügen
Keine Tags, Fügen Sie das erste Tag hinzu!

MARC

LEADER 00000nam a22000003a 4500
001 0076602
003 SK-STU
005 20191014102137.1
007 ta
008 191014s ----xo-----e------000-0-----d
020 |a 978-80-7478-568-9 
040 |a STU  |b slo 
041 0 |a eng 
044 |a xr 
080 |a 681.23 
100 1 |a Schindler, Frank,  |d 1954-  |4 aut  |X 1072  |7 A000001072 
245 1 0 |a Data Structures and Algorithms /  |c aut. Frank Schindler 
250 |a 1. vyd. 
260 |a Praha :  |b Wolters Kluwer,  |c 2014 
300 |a 79 s. 
996 |b 284EK90071  |c E* 90071  |l EE01  |s A  |a 24  |w 0076602_0001